Największe obiekty w Układzie Słonecznym - Statystyki

Ogólne statystyki
  • Ten quiz został rozwiązany 34 razy
  • Średni wynik to 20 z 35
Odpowiedzi na mapie
Odpowiedzi zakodowano w zielono-czerwonej skali na mapie do tego quizu, zgodnie z poniższymi procentami.
 
Statystyki odpowiedzi
Rodzaj Średni promień (km) Odpowiedź % Poprawnych
Planeta 69.911 Jowisz
100%
Planeta 3.389,5 Mars
100%
Planeta 2.439,7 Merkury
100%
Planeta 6.051,8 Wenus
100%
Planeta 6.371 Ziemia
100%
Planeta 58.232 Saturn
96%
Planeta 25.362 Uran
96%
Satelita Ziemi 1.737,4 Księżyc
91%
Planeta 24.622 Neptun
91%
Planeta karłowata 1.188,3 Pluton
87%
Gwiazda 696.342 Słońce
83%
Satelita Jowisza 2.634,1 Ganimedes
70%
Satelita Saturna 2.574,43 Tytan
70%
Planeta karłowata 469,7 Ceres
61%
Satelita Jowisza 1.560,8 Europa
61%
Satelita Jowisza 1.821,6 Io
57%
Satelita Jowisza 2.410,3 Kallisto
57%
Planeta karłowata 780 (Elipsoida) Haumea
52%
Planeta karłowata 715 Makemake
52%
Satelita Neptuna 1.353,4 Tryton
52%
Planeta karłowata 1.163 Eris
48%
Satelita Urana 788,4 Tytania
43%
Satelita Urana 578,9 Ariel
35%
Satelita Plutonu 606 Charon
35%
Satelita Saturna 531,1 Tetyda
35%
Satelita Saturna 734,5 Japet
30%
Satelita Urana 761,4 Oberon
30%
Satelita Saturna 763,8 Rea
30%
Sednoid ~498 Sedna
30%
Satelita Urana 584,7 Umbriel
30%
Planeta karłowata? ~615 Gonggong
26%
Cubewano ~423 Salacia
26%
Cubewano 543 Quaoar
22%
Plutino ~455 Orcus
17%
Satelita Saturna 561,4 Dione
13%
Nie znaleziono quizów pasujących do podanych kryteriów
Rozkład punktacji
Procent ludzi z każdym wynikiem
Percentyl według liczby udzielonych odpowiedzi
Twoja historia wyników
Nie rozwiązałeś tego quizu